[Event "Wch U12"]
[Site "Batumi"]
[Date "2022.09.27"]
[Round "11"]
[White "Pezzotta, Anakien"]
[Black "Askerov, Nugzari"]
[Result "1/2-1/2"]
[WhiteElo "1172"]
[BlackElo "1028"]
[PlyCount "100"]
[EventDate "2022.09.16"]
[EventType "swiss"]
[EventRounds "11"]
[EventCountry "GEO"]
[SourceTitle "EXT 2023"]
[Source "ChessBase"]
[SourceDate "2022.10.05"]
[SourceVersion "1"]
[SourceVersionDate "2022.10.05"]
[SourceQuality "1"]

1. c4 e5 2. Nc3 Nf6 3. g3 Nc6 4. Bg2 Bc5 5. Nf3 d6 6. 0-0 0-0 7. d3 h6 8. Bd2 Be6 9. Qc2 Qc8 10. Rfe1 Bh3 11. Na4 Bb6 12. Nxb6 axb6 13. a3 Bxg2 14. Kxg2 Re8 15. e4 Nd7 16. Nh4 Nd4 17. Qd1 Nc5 18. b4 Ncb3 19. Ra2 Nxd2 20. Qxd2 Qd7 21. Qd1 g6 22. Nf3 Ne6 23. Qd2 Kg7 24. Raa1 b5 25. d4 exd4 26. Nxd4 Nxd4 27. Qxd4+ Kh7 28. Re3 bxc4 29. Qxc4 Re7 30. Rd1 Qe6 31. Rc1 Qxc4 32. Rxc4 Kg7 33. f4 d5 34. Rd4 dxe4 35. Rdxe4 Rxe4 36. Rxe4 Rxa3 37. Re7 Rc3 38. h4 Kf6 39. Re5 h5 40. Rb5 b6 41. Re5 Rc4 42. b5 c6 43. bxc6 Rxc6 44. Rb5 Ke6 45. Kf3 Kd6 46. Ke4 Rc4+ 47. Kd3 Rc8 48. Ke4 Kc7 49. Kd4 f6 50. f5 Kd6 1/2-1/2

[Event "Wch U12"]
[Site "Batumi"]
[Date "2022.09.24"]
[Round "8"]
[White "Mefteh, Mohamed"]
[Black "Askerov, Nugzari"]
[Result "1-0"]
[WhiteElo "1074"]
[BlackElo "1028"]
[PlyCount "55"]
[EventDate "2022.09.16"]
[EventType "swiss"]
[EventRounds "11"]
[EventCountry "GEO"]
[SourceTitle "EXT 2023"]
[Source "ChessBase"]
[SourceDate "2022.10.05"]
[SourceVersion "1"]
[SourceVersionDate "2022.10.05"]
[SourceQuality "1"]

1. e4 c5 2. Nf3 d6 3. d4 cxd4 4. Nxd4 Nf6 5. Nc3 g6 6. Bg5 Bg7 7. g3 Nc6 8. Qd2 Nxe4 9. Nxe4 Nxd4 10. Bg2 Bh3 11. 0-0 0-0 12. Be3 Bxg2 13. Kxg2 Nf5 14. Nc3 Nxe3+ 15. Qxe3 a6 16. Rab1 b5 17. Nd5 e6 18. Nb4 a5 19. Nd3 Rc8 20. c3 Qd7 21. Rfd1 d5 22. Nf4 g5 23. Nh5 h6 24. Qf3 f5 25. g4 fxg4 26. Qxg4 Rc4 27. Qe2 Re4 28. Qxe4 1-0